Statistics for Quebec Premiers Quiz

Click here to take the quiz!

General Stats

  • This quiz has been taken 123 times
  • The average score is 18 of 37

Answer Stats

YearsAnswer% Correct
2018-François Legault
100%
2012-2014Pauline Marois
97%
2003-2012Jean Charest
95%
2014-2018Philippe Couillard
91%
1976-1985René Lévesque
91%
1994-1996Jacques Parizeau
84%
1985-1994Robert Bourassa
83%
1970-1976Robert Bourassa
83%
1996-2001Lucien Bouchard
81%
1966-1968Daniel Johnson (father)
79%
1994Daniel Johnson (son)
79%
1985Pierre Marc Johnson
79%
2001-2003Bernard Landry
77%
1936-1939Maurice Duplessis
77%
1944-1959Maurice Duplessis
77%
1960-1966Jean Lesage
67%
1939-1944Adélard Godbout
49%
1936Adélard Godbout
49%
1968-1970Jean-Jacques Bertrand
41%
1920-1936Louis-Alexandre Taschereau
41%
1960Antonio Barrette
39%
1887-1891Honoré Mercier
39%
1959-1960Paul Sauvé
36%
1905-1920Lomer Gouin
25%
1867-1873Pierre-Joseph-Olivier Chauveau
23%
1874-1878Charles-Eugène Boucher de Boucherville
20%
1891-1892Charles-Eugène Boucher de Boucherville
20%
1887Louis-Olivier Taillon
20%
1892-1896Louis-Olivier Taillon
20%
1878-1879Henri-Gustave Joly de Lotbinière
16%
1873-1874Gédéon Ouimet
12%
1879-1882Joseph-Adolphe Chapleau
11%
1882-1884Joseph-Alfred Mousseau
11%
1900-1905Simon-Napoléon Parent
11%
1896-1897Edmund James Flynn
9%
1884-1887John Jones Ross
8%
1897-1900Félix-Gabriel Marchand
7%

Score Distribution

Percentile by Number Answered

Percent of People with Each Score

Your Score History

You have not taken this quiz